000 00877nas a2200289 4500
001 BR8201719
003 BR-BrBNA
005 20231205085110.0
007 ta
008 230509b bl.|||p| |||| 00| 00por d
040 _aBR-BrBNA
_bpor
_cBiblioteca Nacional de Agricultura
041 _a(Pt)
072 _aL10
100 1 _aAlencar, M.M. de
100 1 _aBeolchi, E.A.
100 1 _aCosta, J.L. da
100 1 _aCunha, P.G. da
245 1 _aHerdabilidade da idade ao primeiro parto de vacas da raca canchim
246 1 _aHeritability of age at first calving in canchim cows
650 _aGADO CANCHIM
650 _aHEREDITARIEDADE
650 _aVACA
650 _aPARTO
773 0 _tPesquisa Agropecuaria Brasileira (Brazil)
_xISSN 0100-204X
_g(Aug 1982), v. 17(8) p. 1233-1236
_wBR8201719
909 _a202311
_bLúcia
_c55
_dLúcia Elande
942 _2AGRIS
_n0
_cANA
999 _c109202
_d109202